00784nam a22002057a 450000500170000001000150001702000270003203500130005903700130007208200140008510000290009924501560012825000120028426000300029630000280032650000270035494200370038199900190041895201410043720160804110056.0 aENG-115628 a9789351437154c2495.00 aEN-99160 bDBAD/PUB a347.54077 aBanerjee, Bhaskar Prosad aWrit remedies:bremediable rights under public law : including High Court rules and guidelines for drafting writ petition /cby Bhaskar Prosad Banerjee a7th ed. aGurgaonbLexisNexisc2016 aclix,1572p.:c28cm (Hb) aIncludes subject index 2ddccENe7th ed.h347.54077mBAN c101772d101772 001040718NFICaDBADbDBADd2016-08-04eDBAD/PUBg2495.00l0o347.54077 BANpEN-99160r2016-08-04 00:00:00t1v2495.00w2016-08-04yEN